| 000 | 00441nam a2200169 a 4500 | ||
|---|---|---|---|
| 001 | 3828 | ||
| 005 | 20180713183731.0 | ||
| 008 | 140415s1977 mx 000 0 spa d | ||
| 041 | _aspa | ||
| 082 |
_a333.823272 _bALE |
||
| 100 | 1 | _aALEMAN VALDES, MIGUEL | |
| 245 | 1 | 3 | _aLA VERDAD DEL PETROLEO EN MEXICO |
| 250 | _a2A ED. | ||
| 260 |
_aMEXICO : _bGRIJALBO, _c1977 |
||
| 300 | _a748 | ||
| 650 | 1 | 4 |
_aPETROLEO _xHISTORIA _xMEXICO |
| 999 |
_c3828 _d3828 |
||